000 00879nam a2200229 i 4500
001 110849
003 ES-MaACL
005 20260601155228.0
007 t|
008 070201s1921 sp ||||1| spa d
100 1 _aAltamira, Rafael,
_d1866-1951
_920515
245 1 3 _aLa nueva literatura pacifista
_b: el "Clerambault" de Romain Rolland /
_cConferencia por Rafael Altamira.
260 _aMadrid :
_bReus,
_c1921.
300 _a45 p. ;
_c18 cm.
490 1 _aPublicaciones de la Real Academia de Jurisprudencia y Legislación ;
_v46
500 _aSesión del día 19 de Febrero de 1921.
600 1 7 _aRolland, Romain,
_d1866-1944
_2embne
_9239240
700 _aReal Academia de Jurisprudencia y Legislación de España
_9217612
830 0 _aPublicaciones de la Real Academia de Jurisprudencia y Legislación ;
_v46
_9180630
852 _aES-MaACL
_jL-5212
999 _c110849
_d110849